Music Quiz

Random Music or Singers Quiz

Name K-Pop Girl Group Members Quiz Stats

 Plays Quiz not verified by Sporcle

Score 0/299 Timer 17:00
0 Plays Today
Group Member % Correct
Miss AMin
96.6%
2NE1Bom
96%
2NE1CL
95.7%
4MinuteHyunA
95.3%
9MusesHyuna
95.3%
2NE1Dara
93.7%
Girls' GenerationTaeYeon
92.6%
2NE1Minzy
92.4%
Girls' GenerationSunny
92.3%
Girls' GenerationTiffany
92.3%
f(x)Amber
91.9%
f(x)Krystal
91.9%
Girls' GenerationYoona
91.5%
Girls' GenerationYuri
90.6%
f(x)Victoria
90.3%
f(x)Luna
89.5%
Girls' GenerationSeoHyun
89.4%
Girls' GenerationSooYoung
89.4%
f(x)Sulli
88.5%
Girls' GenerationHyoYeon
87.9%
Miss ASuzy
87.9%
15&JiMin
87.2%
AOAJiMin
87.2%
Red VelvetYeri
87.1%
ApinkEunJi
86.7%
SistarBoRa
86.5%
AOAChoa
85.2%
Crayon PopChoA
85.2%
After SchoolNana
85%
AOAMina
84.5%
Miss AJia
83.8%
Miss AFei
83.8%
ApinkBoMi
83.1%
ApinkChoRong
83.1%
Red VelvetWendy
83.1%
SistarHyoLyn
83.1%
Red VelvetIrene
82.5%
ApinkNaEun
82.3%
Girl's DayHyeRi
82.3%
Red VelvetJoy
82.2%
4MinuteGaYoon
81.8%
4MinuteJiYoon
81.4%
Brown Eyed GirlsGaIn
81.4%
Girl's DayMinAh
81.3%
Red VelvetSeulgi
81.3%
After SchoolLizzy
81.1%
SistarSoYou
80.9%
EXIDLE
79.6%
KARAHara
79.1%
SistarDasom
79.1%
4MinuteJiHyun
78%
Girl's DayYura
77.1%
4MinuteSoHyun
76.9%
After SchoolRaina
76.6%
ApinkNamJoo
75.9%
Girl's DaySoJin
75.5%
AOASeolHyun
75%
T-araJiYeon
74.4%
Brown Eyed GirlsNarsha
74.2%
ApinkHaYoung
73.7%
9MusesSojin
73.3%
After SchoolUEE
73%
AOAYuna
72.6%
KARAGyuri
72.4%
T-araQri
72.3%
EXIDHani
71.4%
Brown Eyed GirlsJeA
71.2%
G-FriendYerin
70.9%
The ArkYuna
70.6%
T-araHyoMin
70.3%
Brown Eyed GirlsMiryo
69.5%
T-araBoram
69.4%
T-araEunjung
67.6%
KARASeungYeon
65.9%
AOAChanMi
65.6%
Wonder GirlsYeEun
65%
T-araSoYeon
64.7%
SecretHaNa
64.5%
CLCSeungyeon
64.2%
15&YeRin
64.1%
SecretHyoSung
64%
Crayon PopWay
62.9%
Hello VenusLime
62.9%
KARAYoungji
61.8%
TahitiJiSoo
61.4%
LaboumSoyeon
61%
SecretSunHwa
60.9%
AOAHyeJeong
60.7%
LovelyzJisoo
60.3%
CLCSorn
60.2%
Hello VenusAlice
60.2%
LPGJiEun
60.2%
SecretJiEun
60.2%
After SchoolE-Young
59.8%
CLCYeeun
59.8%
SKarfHaNa
59.5%
JeviceHaNa
59.3%
MamamooSolar
59.3%
SpicaBoA
59.1%
Crayon PopEllin
58.9%
Group Member % Correct
Dal ShabetGaEun
58.6%
MamamooHwa Sa
58%
LovelyzJin
57.3%
After SchoolKaEun
57.3%
EXIDSolJi
56.4%
Hello VenusNara
56.4%
Wonder GirlsYuBin
56.4%
EXIDJungHwa
56.2%
9MusesKyungRi
56%
MamamooMoon Byul
56%
G-FriendSinB
55.6%
RainbowJaeKyung
54.8%
After SchoolJungah
54.2%
Ladies' CodeAshley
53.6%
CLCSeunghee
53.6%
RainbowWooRi
53.5%
Crayon PopGumMi
53.3%
LovelyzBaby Soul
53.2%
EXIDHyeRin
53.2%
Wonder GirlsSunYe
53.2%
Crayon PopSoYul
52.8%
LovelyzKei
52.5%
MamamooWhee In
52.3%
Dal ShabetSerri
52.1%
DavichiMinKyung
51.7%
The SeeYaMinKyung
51.7%
Wonder GirlsHyeLim
51.7%
Dal ShabetSuBin
51.2%
G-FriendYuju
51.2%
Oh My GirlSeungHee
51.2%
AOAYouKyung
50.6%
G-FriendUmji
49.8%
FiestarHyeMi
49.5%
G-FriendSowon
49.3%
9MusesMinHa
49.2%
FiestarCao Lu
47.7%
G-FriendEunha
47.4%
RainbowJiSook
46.8%
Ladies' CodeSojung
46.7%
LovelyzJiae
46.6%
FiestarYezi
46.1%
FiestarJei
45.8%
BESTieDaHye
45.4%
Oh My GirlYooA
45.1%
Year 7 Class 1Sojung
45.1%
BESTieUJi
45%
Dal ShabetWooHee
45%
Dal ShabetAhYoung
44.5%
DavichiHaeRi
44.3%
Ladies' CodeZuny
44.3%
BESTieHyeYeon
44.1%
Hello VenusYooYoung
44.1%
9MusesSungAh
43.6%
CLCYoojin
43.5%
RainbowSeungAh
42.7%
Sunny HillSeungAh
42.5%
LPGJiWon
42.2%
RainbowHyunYoung
42.2%
SpicaJiWon
42.2%
Tiny-GMint
42.2%
9MusesHyemi
42%
LPGYuJu
41.8%
Tiny-GDoHee
41.8%
SpicaBoHyung
40.9%
9MusesEuaerin
40.4%
Wa$$upJiAe
40.4%
LovelyzYein
40.1%
FiestarLinzy
40%
BESTieHaeRyung
39.8%
9MusesKeumjo
39.5%
LovelyzMijoo
39%
Hello VenusSeoyoung
38.3%
RainbowNoEul
37.8%
Oh My GirlBinnie
37.8%
Hello VenusYeoreum
37.6%
SonamooD.ana
37.4%
Oh My GirlMimi
37.2%
Oh My GirlARin
36.3%
SpicaNaRae
36.2%
The ArkYujin
35.5%
LovelyzSujeong
34.6%
Dal ShabetJiYul
33.7%
TahitiAri
33.5%
LaboumSolbin
33.5%
RainbowYoonHye
33.3%
Lip ServiceAnna
33.2%
Wa$$upNaRi
33%
Oh My GirlJiho
32.6%
ChocolatMelanie
32.4%
ChocolatTia
32.4%
Lip ServiceBipa
32.4%
LaboumZN
32.3%
Oh My GirlHyoJung
32.3%
Oh My GirlJinE
32.3%
Wa$$upNaDa
32.1%
StellarMinHee
31.9%
Tiny-GJ.Min
31.4%
LaboumYulhee
31%
Sunny HillKota
29.5%
StellarGaYoung
28.8%
Group Member % Correct
SonamooNewsun
28.6%
SonamooHigh.D
28.4%
A.KorKemy
27.6%
SonamooMinjae
27.2%
LaboumHaein
27.1%
Year 7 Class 1Yoohwa
26.7%
A.KorJiyoung
26.6%
SonamooSumin
26.3%
Berry GoodSeoyul
26.2%
MINXSu-A
26.1%
Wa$$upDaIn
25.9%
MINXJi-U
25.9%
SonamooNahyun
25.6%
MINXDa Mi
25%
EvoLSay
24.9%
TahitiMinJae
24.9%
A.KorMinJu
24.8%
StellarHyoEun
24.7%
SonamooEuijin
24.7%
SpicaJooHyun
24.1%
The ArkJane
24.1%
LaboumYujeong
23.6%
ChocolatJuliane
23.4%
The ArkMinju
23.3%
MINXSi Yeon
22.9%
TahitiMiSo
22.7%
StellarJunYool
22.3%
Sunny HillMiSung
22.2%
Wa$$upWooJoo
21.6%
EvoLJucy
21.3%
Berry GoodTaeha
21%
The ArkHalla
20.9%
Sunny HillJuBi
20.9%
GP BasicTrinity
20.7%
The SeeYaYooJin
20.7%
Wa$$upSuJin
20.7%
MINXYoo Hyeon
20.6%
Brave GirlsYooJin
20.5%
TahitiJerry
20%
GP BasicZion
19.6%
SKarfJenny
19.6%
EvoLHayana
19.5%
ChocolatMinSoa
19.3%
EvoLYull
19.3%
Brave GirlsEunYoung
18.4%
Wa$$upJinJu
18.4%
Berry GoodDaYe
18.3%
EvoLJ-Da
18.2%
BeBopAYeon
17.8%
ScarletKimi
17.8%
ChocolatLori
17.7%
TINTMiRim
17.7%
4TenHyeji
17.2%
GP BasicJNey
17.1%
SKarfTasha
16.9%
TINTMinnie
16.9%
Berry GoodSehyung
16.9%
Berry GoodGoWoon
16.7%
GP BasicAmet
16.6%
Rubber SoulKim
16.6%
4TenHyejin
16.3%
ScarletSara
16.2%
BeBopJiIn
15.7%
The SeeYaYeonKyung
15.7%
TINTJamie
15.7%
Brave GirlsYeJin
15.5%
TINTMei
15.5%
SKarfFerlyn
15.1%
GP BasicMui
15%
TINTSangMi
14.4%
Brave GirlsHyeRan
13.9%
Brave GirlsSeoA
13.9%
ScarletJi Hye
13.7%
JeviceJuRi
13.5%
BeBopJooWoo
13.3%
The SeeYaYoungJoo
13.2%
DelightTaeHee
12.8%
ScarletRa Byeul
12.8%
SKarfJooA
12.8%
DelightSooA
11.9%
LPGLaNi
11.2%
LPGRaHi
11.2%
4TenTEM
11%
A.KorTaehee
10.5%
LPGRiKa
10.3%
LPGAhYul
10.1%
LPGRiWon
9.7%
4TenEujin
9.3%
LPGSongHa
9%
DelightEunSae
8.8%
Year 7 Class 1Minjoo
8.4%
DelightYeonDu
8.3%
A.KorDaya
7.6%
Rubber SoulChoi Cho
7.6%
Rubber SoulLaLa
7.3%
Year 7 Class 1Bitna
6.1%
Year 7 Class 1Sehee
4.4%
Year 7 Class 1Eunshil
3.8%
Year 7 Class 1Yirang
3.2%

You're not logged in!

Compare scores with friends on all Sporcle quizzes.
OR
Log In

You Might Also Like...

Show Comments

Extras

Top Quizzes Today


Score Distribution

Your Account Isn't Verified!

In order to create a playlist on Sporcle, you need to verify the email address you used during registration. Go to your Sporcle Settings to finish the process.

Report this User

Report this user for behavior that violates our Community Guidelines.

Details: